00782nam a2200265Ia 4500003000400000005001700004008004100021020001500062040001800077041000800095082002000103100001800123245007300141250001200214260006700226300002900293650003700322650003900359700001800398700002200416700001700438700002200455700002200477700001700499OSt20241008111009.0210716s2004 xx 000 0 und d a8173666997 cAIMIT LIBRARY aeng a005.1332 bFIST aFischer, Tom. aProfessional c# design patterns applied /cBy Tom Fischer...[et.al]. a1st ed. aMumbai :bShroff Publishers and Distributors Pvt Ltd ;c2004. avi,351,5p. ;bPBc23 cm. aDesign patterns in the data tier aDesign patterns in the middle tier aSlater, John. aStromquist, Pete. aWu, Chaur G. aGosling, Rowland. aKrowczyk, Andrew. aRostad, Tim.